00275nam a2200109Ia 4500008004100000041000800041100001800049245003900067260003100106300000800137700002000145250110s9999 xx 000 0 und d aeng aAngal Manasee aAdaptive Re Use Of Mills In Mumbai bBNCA M Arch DA, Punec2016 a86p aGuide Name:BNCA